000 00716nam a2200205Ii 4500
003 JO-AjNU
008 230605s9999||||xx |||||||||||||| ||und||
040 _aJO-AjNU
_bara
_erda
_cJO-AjNU
041 _aara
050 1 4 _aPJ6075.F851981
100 3 _aتاليف فريحة،أنيس؛م.مشارك ريمون طحان,
_eauthor
_916944
245 0 0 _aنظريات في اللغة
250 _aط2
264 3 1 _aبيروت: دار الكتاب اللبناني،1981
300 _a191ص
336 _atext
_btxt
_2rdacontent
337 _aunmediated
_bn
_2rdamedia
338 _avolume
_bnc
_2rdacarrier
650 4 _aالمعجم-المصرف-الاصوات-نحو-الاسلوب-نظريات في اللغة
_916945
999 _aA5132
_c8700
_d8700